पुत्र की प्रतीज्ञा (Record no. 1000560)
[ view plain ]
| 000 -LEADER | |
|---|---|
| fixed length control field | 00388nam a2200133Ia 4500 |
| 008 - FIXED-LENGTH DATA ELEMENTS--GENERAL INFORMATION | |
| fixed length control field | 151001s9999||||xx |||||||||||||| ||und|| |
| 100 ## - MAIN ENTRY--PERSONAL NAME | |
| Personal name | विभा गुप्ता |
| 245 ## - TITLE STATEMENT | |
| Title | पुत्र की प्रतीज्ञा |
| 250 ## - EDITION STATEMENT | |
| Edition statement | 1 |
| 260 ## - PUBLICATION, DISTRIBUTION, ETC. (IMPRINT) | |
| Name of publisher, distributor, etc | "जान्हवी प्रकाशन,दिल्ली " |
| 260 ## - PUBLICATION, DISTRIBUTION, ETC. (IMPRINT) | |
| Date of publication, distribution, etc | 2012 |
| 300 ## - PHYSICAL DESCRIPTION | |
| Extent | 64 |
| 365 ## - TRADE PRICE | |
| Price amount | 24 |
No items available.